| 000 | 00406 a2200157 4500 | ||
|---|---|---|---|
| 020 | _a9788176565806 | ||
| 082 | _a005.133 | ||
| 090 |
_c7034 _d7034 |
||
| 100 | _aKanetkar, Yashavant P. | ||
| 245 |
_aC#.NET fundas _cYashavant P. Kanetkar |
||
| 260 |
_aSingapore _bTech Publications _c2002 |
||
| 300 | _a218 p. | ||
| 650 | _aC#--Microsoft .NET. | ||
| 700 | _aYashavant P. Kanetkar | ||
| 942 |
_cBK _k005.133 KAN |
||
| 999 |
_c10843 _d10843 |
||